000
00339nam a2200157Ia 4500
003
OSt
008
191201s2007 xx 000 0 und d
082
_a
429
_b
THD
100
_a
THAKER, PK
245
0
_a
Developing English skills
250
_a
IMP
260
_a
N. Delhi
_b
Oxford
_c
2007
300
_a
126
650
_a
BBA
942
_2
ddc
_c
BK
999
_c
5538
_d
5538